000 00578nam a2200205Ia 4500
005 20250923145940.0
008 008 250917s9999 xx 000 0 eng d
037 _aTextual
040 _aDSWL
_beng
_cDSWL
041 _aeng
_2eng
084 _aY11:45:(Z), N96
_qDSWL
100 _aSabnis, M.S.
_9840615
245 0 _aJewenile Justice and Jewenile correction
_c by M.S. Sabnis
260 _aBombay
_b Somaiya
_c1996
300 _axxvi,405p.
365 _aINR
_b400.00
925 _g400.00
942 _cTEXL
_hY11:45:(Z), N96
999 _c1457690
_d1457690